000 00806nam a2200241 i 4500
001 C2-0314036
003 PPAK
005 20180728105724.0
008 111205s2011 my a|||| ||||| | may d
040 _aPPAK
_beng
_cPPAK
_erda
082 0 4 _a334
_223
090 0 0 _a334
_bMES
_dKK
110 2 _aKoperasi Pegawai-Pegawai Kerajaan Negeri Kedah Darul Aman
245 0 0 _aMesyuarat Agung Tahunan Ke-57
264 1 _aAlor Setar, Kedah :
_bKoperasi Pegawai-Pegawai Kerajaan Negeri Kedah Darul Aman Berhad ,
_c2011
300 _a139 pages :
_billustrations ;
_c25 cm
336 _2rdacontent
_atext
337 _2rdamedia
_aunmediated
338 _2rdacarrier
_avolume
650 1 0 _aCooperative societies
710 2 _aKoperasi Pegawai-Pegawai Kerajaan Negeri Kedah Darul Aman
_eorganizer
942 _ddc
_cB
999 _c115584
_d115584